Home Print Resources E-Books E-Journals IIMT Lecture Series Library Membership Form Book Recommendation Form Campus Tour Take AdmissionAbout Us Contact Us

SAMAJSHASTRA (Record no. 50756)

000 -LEADER
fixed length control field 00362nam a22001577a 4500
003 - CONTROL NUMBER IDENTIFIER
control field OSt
005 - DATE AND TIME OF LATEST TRANSACTION
control field 20231226062821.0
008 - FIXED-LENGTH DATA ELEMENTS--GENERAL INFORMATION
fixed length control field 210331b xxu||||| |||| 00| 0 eng d
020 ## - INTERNATIONAL STANDARD BOOK NUMBER
International Standard Book Number 9789390007134
040 ## - CATALOGING SOURCE
Transcribing agency IIMT UNIVERSITY
100 ## - MAIN ENTRY--PERSONAL NAME
Personal name M L GUPTA
245 ## - TITLE STATEMENT
Title SAMAJSHASTRA
260 ## - PUBLICATION, DISTRIBUTION, ETC.
Place of publication, distribution, etc. AGRA
Name of publisher, distributor, etc. SAHITYA BHAWAN
Date of publication, distribution, etc. 2019-20
300 ## - PHYSICAL DESCRIPTION
Extent 1172
942 ## - ADDED ENTRY ELEMENTS (KOHA)
Source of classification or shelving scheme
Koha item type Book Bank
Holdings
Withdrawn status Lost status Source of classification or shelving scheme Damaged status Not for loan Home library Current library Date acquired Source of acquisition Coded location qualifier Cost, normal purchase price Inventory number Total Checkouts Full call number Barcode Date last seen Date last checked out Uniform Resource Identifier Price effective from Koha item type Checked out
          IIMT University Central Library Meerut IIMT University Central Library Meerut 03/31/2021 ARISTA PUBLISHER ART 720.00 HO/IN/70 1 301 GUP 01-B-132329 03/14/2022 12/01/2021 sociology 03/31/2021 Book Bank  
          IIMT University Central Library Meerut IIMT University Central Library Meerut 03/31/2021 ARISTA PUBLISHER ART 720.00 HO/IN/70 2 301 GUP 01-B-132330 10/29/2025 09/15/2025 sociology 03/31/2021 Book Bank  
          IIMT University Central Library Meerut IIMT University Central Library Meerut 03/31/2021 ARISTA PUBLISHER ART 720.00 HO/IN/70 2 301 GUP 01-B-132331 10/25/2023 09/19/2023 sociology 03/31/2021 Book Bank  
          IIMT University Central Library Meerut IIMT University Central Library Meerut 03/31/2021 ARISTA PUBLISHER ART 720.00 HO/IN/70 1 301 GUP 01-B-132332 09/18/2021 09/18/2021 sociology 03/31/2021 Book Bank 08/31/2022
IIMT, Central Library. All Rights Reserved IIMT,UNIVERSITY © 2023
Implemented and Customised by I CLOUDE EMS
You Are OPAC Visitor No
free web counter

Powered by Koha